Discographie de Damien Saez - chansons - Statistiques

Statistiques générales
  • Ce quiz a été pris 15 fois
  • Le résultat moyen est 75 sur 288
Statistiques - réponses
Réponse % Correct
Jeune et con
100%
J'accuse
86%
Telegram
86%
Debbie
71%
Germaine
71%
Jeunesse lève-toi
71%
Les enfants paradis
71%
Lulu
71%
Messine
71%
Miami
71%
Mon Européenne
71%
Pilule
71%
Apocalypse
57%
Bonnie
57%
Fils de France
57%
Jours étranges
57%
J'veux du nucléaire
57%
J'veux qu'on baise sur ma tombe
57%
Le requin
57%
L'oiseau liberté
57%
Manu dans l'cul
57%
Marguerite
57%
Rue d'la soif
57%
A Lover's Prayer
43%
Anticommunautaire
43%
Betty
43%
Dans les métros
43%
Des p'tits sous
43%
Guantánamo
43%
Humanité
43%
Je suis
43%
La liberté
43%
Les meurtrières
43%
Liberté
43%
Lula
43%
Planche à roulettes
43%
Sauver cette étoile
43%
S'en aller
43%
Sexe
43%
Varsovie
43%
Venise
43%
Aimer c'est se battre pour perdre
29%
À l'Alhambra
29%
Alice
29%
Anatoline
29%
À nos amours
29%
Apocalypse baby
29%
Arizona baby
29%
À tes côtés
29%
Au cimetière des amours
29%
Aux encres des amours
29%
Barbie
29%
Burqa
29%
Camarade président
29%
C'est toi
29%
Chanteur démodé
29%
Château de brume
29%
Châtillon-sur-Seine
29%
Comme une bougie dans le vent
29%
Contestataire
29%
Dis-moi qui sont ces gens
29%
Fleur iranienne
29%
Frères d'armes
29%
Ievguenia
29%
Je n'ai pas peur de mourir
29%
J'envoie
29%
Jessie
29%
J'veux m'en aller
29%
Kasia
29%
La beauté du cœur
29%
La belle au bois
29%
La Maria
29%
La province
29%
La route
29%
Le cavalier sans tête
29%
L'enfant de France
29%
L'enfant des guerres
29%
Le roi
29%
Les cheminées du métal
29%
Les cours des lycées
29%
Les échoués
29%
Les enfants lune
29%
Les fils d'Artaud
29%
L'étoile
29%
L'humanité
29%
Libre
29%
Lindsay
29%
Ma Magnifique
29%
Ma meuf à moi
29%
Mandela
29%
Ma petite couturière
29%
Ma religieuse
29%
Marianne
29%
Marie
29%
Marie ou Marilyn
29%
Massoud
29%
Matins de pluie
29%
Mon influenceuse
29%
Montée là-haut
29%
Mon terroriste
29%
Nana
29%
Nonne ou putain
29%
No Place for Us
29%
Notre-Dame mélancolie
29%
Nouveau printemps
29%
On a tous une Lula
29%
On meurt de toi
29%
Oppression
29%
Peuple manifestant
29%
Plage abandonnée
29%
Pleure pas bébé
29%
P'tite pute
29%
Putains vous m'aurez plus
29%
Rois demain
29%
Si
29%
Si l'amour était universel
29%
Si tu t'en vas
29%
S.O.S.
29%
Sur le quai
29%
Thème aux encres des amours
29%
Thème Frères d'armes
29%
Toi tu dis que t'es bien sans moi
29%
Tricycle jaune
29%
Yellow Tricycle
29%
Amandine II
14%
Ami de Liège
14%
Amour criminel
14%
À ton nom
14%
Au-delà du brouillard
14%
Au-delà du brouillard (Thème)
14%
Autour de moi les fous
14%
Be My Princess
14%
Bouteille à la mer
14%
Braindead
14%
Cadillac noire
14%
Céleste
14%
C'est la guerre
14%
Ceux qui sont en laisse
14%
Chanson pour mon enterrement
14%
Cigarette
14%
Clandestins
14%
Cold Heart
14%
Comme une ombre
14%
Connection
14%
Crépuscule
14%
Dans le bleu de l'absinthe
14%
Des drogues
14%
Des marées d'écume
14%
Elle aimait se faire liker
14%
En bords de Seine
14%
Enlève ton masque
14%
En sangre
14%
En travers les néons
14%
Faut s'oublier
14%
Fin des mondes
14%
Ghost Downtown
14%
Goraszewska
14%
Hallelujah
14%
Helicopters
14%
Ice Cream Trip on an Acid Van
14%
Il s'endort
14%
Into the Wild
14%
Intro
14%
Introduction
14%
Is It O.K. ?
14%
Isn't It Love I
14%
Isn't It Love II
14%
Je cherche encore
14%
Je suis le Christ
14%
Je suis perdu
14%
Je suis un étranger
14%
J'hallucine
14%
Jojo
14%
L'abattoir
14%
La chanson du vieux réac
14%
La chute
14%
La dame en feu
14%
La dame en feu (Version longue)
14%
La lutte
14%
La mort
14%
La neige
14%
L'attentat
14%
Le bal des lycées
14%
Le ciel en pleure encore
14%
Le dernier disque
14%
Le gaz
14%
Légionnaire
14%
L'envol
14%
Les amours mortes
14%
Les anarchitectures
14%
Les animaouh
14%
Les bars du port
14%
Les condamnés
14%
Les guerres des mondes
14%
Les Hommes
14%
Les infidèles
14%
Les Magnifiques
14%
Les Printemps
14%
L'humaniste
14%
Light the Way
14%
Light the Way (Interlune)
14%
Ma gueule
14%
Ma gueule de terroriste
14%
Ma populaire
14%
Ma putain du show-biz
14%
Mars song
14%
Marta
14%
Matins de neige
14%
Ma vieille
14%
Menacés mais libres
14%
Mohamed
14%
Mon pays je t'écris
14%
My funny Valentine (reprise)
14%
Neige à Varsovie
14%
No More
14%
Numb
14%
On n'a pas la thune
14%
On s'endort sur des braises
14%
Perfect World
14%
Petit Prince
14%
Petrushka
14%
Pierrot
14%
Pill for the Ride
14%
Police
14%
Post Humanity
14%
Pour y voir
14%
Premier mai
14%
P'tit bout d'paradis
14%
Putain ma vie
14%
Quand on perd son amour
14%
Que sont-elles devenues ?
14%
Que tout est noir
14%
Regarder les filles pleurer
14%
Regarder les filles pleurer (Thème)
14%
Rochechouart
14%
Rock'n'roll star
14%
Rottweiler
14%
Route 666
14%
Saint-Pétersbourg
14%
Silence
14%
S'ils ont eu raison de nous
14%
So Gorgeous
14%
Soleil 2000
14%
Solution
14%
Sonnez tocsin dans les campagnes
14%
Tango
14%
Thème de l'adieu
14%
Thème I
14%
Thème I (Intro)
14%
Thème II (Partie 1)
14%
Thème II (Partie 2)
14%
Thème introduction à l'œuvre
14%
Thème mélancolie
14%
Thème Paris
14%
Thème Quais de Seine
14%
Tous les gamins du monde
14%
Tristesse
14%
Tu y crois
14%
Usé
14%
Voici la Mort
14%
Voici la Mort (Intro)
14%
Webcams de nos amours
14%
White Noise
14%
Writings on the Wall (Naked Version)
14%
WTC
14%
Your Leather Jacket
14%
Anéanti
0%
Killing the Lambs
0%
Aucun quiz correspondant
Distribution des résultats
% des personnes avec chaque résultat
Percentile par nombre de réponses
Votre historique - résultats
Vous n’avez pas pris ce quiz